000 00707nam a2200265Ia 4500
005 20260302114036.0
008 008 260114s9999 xx 000 0 eng d
020 _a9781350299313
037 _aTextbook
040 _aCRL
040 _beng
040 _cCRL
041 _2eng
041 _aeng
084 _qCRL
100 _aFederico Testa
_91117585
245 0 _aOn the Politics of the Living Foucault and Canguilhem on Life and Norms
260 _bBloomsbury
260 _bBloomsbury Academic
260 _c2025
650 _aPhilosophy
856 _uhttps://doi.org/10.5040/9781350299313?locatt=label:secondary_bloomsburyCollections
942 _cEBOOK
999 _c1681133
_d1681133